| 000 | 00511nam a2200157Ia 4500 | ||
|---|---|---|---|
| 008 | 191017s9999 xx 000 0 und d | ||
| 020 | _a9780323510813 | ||
| 100 | _aMicozzi, Marc S. | ||
| 245 |
_cMarc S. Micozzi.-- _aFundamentals of complementary and alternative medicine / |
||
| 250 | _a6th ed. | ||
| 260 |
_aSt. Louis, Missouri : _bElseiver, _c2019. |
||
| 300 |
_axviii, 717 pages: _bcolor illustrations ; |
||
| 500 | _aIncludes index. | ||
| 650 | _aAlternative medicine. | ||
| 650 | _aIntegrative medicine. | ||
| 999 |
_c362256 _d362256 |
||